Špecifiká nášho banského práva
Európske banské právo. Britské banské právo. Americké banské právo. Slovenské banské zákonodarstvo. Problémy vlastníctva nerastného bohatstva. Problémy ochrany a racionálneho využitia nerastného bohatstva.
Uložené v:
| Hlavný autor: | |
|---|---|
| Médium: | Kapitola |
| Jazyk: | Slovak |
| Predmet: | |
| Tagy: |
Žiadne tagy, Buďte prvý, kto otaguje tento záznam!
|
MARC
| LEADER | 00000naa a2200000 4500 | ||
|---|---|---|---|
| 001 | r035283 | ||
| 005 | 20230919123506.3 | ||
| 041 | 0 | |a slo | |
| 044 | |a SK | ||
| 245 | 1 | 0 | |a Špecifiká nášho banského práva |c Milan Tréger |
| 520 | |a Európske banské právo. Britské banské právo. Americké banské právo. Slovenské banské zákonodarstvo. Problémy vlastníctva nerastného bohatstva. Problémy ochrany a racionálneho využitia nerastného bohatstva. | ||
| 610 | 2 | 0 | |a baníctvo |
| 610 | 2 | 0 | |a legislatíva |
| 610 | 2 | 0 | |a ochrana prostredia životného |
| 610 | 2 | 0 | |a nerasty |
| 610 | 2 | 0 | |a bohatstvo národné |
| 610 | 2 | 0 | |a rudy |
| 610 | 2 | 0 | |a uhlie |
| 610 | 2 | 0 | |a Európa |
| 610 | 2 | 0 | |a USA |
| 610 | 2 | 0 | |a Veľká Británia |
| 610 | 2 | 0 | |a Slovensko |
| 100 | 1 | |a Tréger, Milan | |